Evaluation of herbicidal efficacy and residual activity on direct seeded boro rice / Ms Thesis (Record no. 13567)
[ view plain ]
| 000 -LEADER | |
|---|---|
| fixed length control field | 00938nam a22002537a 4500 |
| 003 - CONTROL NUMBER IDENTIFIER | |
| control field | BD-DhSAU |
| 005 - DATE AND TIME OF LATEST TRANSACTION | |
| control field | 20170809161716.0 |
| 008 - FIXED-LENGTH DATA ELEMENTS--GENERAL INFORMATION | |
| fixed length control field | 161006b2015 bg ad||| |||| 00| 0 eng d |
| 040 ## - CATALOGING SOURCE | |
| Original cataloging agency | BD-DhSAU |
| 082 ## - DEWEY DECIMAL CLASSIFICATION NUMBER | |
| Edition number | 22 |
| Classification number | 630 |
| Item number | K118 |
| 100 ## - MAIN ENTRY--PERSONAL NAME | |
| Personal name | Kaes, Imrul |
| Relator code | REGISTRATION NO.: 14-06328 |
| 245 ## - TITLE STATEMENT | |
| Title | Evaluation of herbicidal efficacy and residual activity on direct seeded boro rice / Ms Thesis |
| Statement of responsibility, etc. | Imrul Kaes |
| 260 ## - PUBLICATION, DISTRIBUTION, ETC. (IMPRINT) | |
| Place of publication, distribution, etc. | Dhaka : |
| Name of publisher, distributor, etc. | Sher- e- Bangla Agricultural University ,Department of Agronomy |
| Date of publication, distribution, etc. | 2015 |
| 300 ## - PHYSICAL DESCRIPTION | |
| Extent | xiii , 105 p. : |
| Other physical details | ill. ; |
| Dimensions | 30 cm. |
| 590 ## - Name of Cataloguer | |
| Name of Cataloger | Kamim |
| 650 ## - SUBJECT ADDED ENTRY--TOPICAL TERM | |
| Topical term or geographic name as entry element | Agriculture |
| 650 ## - SUBJECT ADDED ENTRY--TOPICAL TERM | |
| Topical term or geographic name as entry element | Agronomy |
| 650 ## - SUBJECT ADDED ENTRY--TOPICAL TERM | |
| Topical term or geographic name as entry element | Evaluation of herbicidal efficacy |
| 650 ## - SUBJECT ADDED ENTRY--TOPICAL TERM | |
| Topical term or geographic name as entry element | Residual activity on direct seeded boro rice |
| 700 ## - ADDED ENTRY--PERSONAL NAME | |
| Personal name | Baque, Md. Abdullahil |
| Relator code | Supervisor |
| 700 ## - ADDED ENTRY--PERSONAL NAME | |
| Personal name | Roy, Tuhin Suvra |
| Relator code | Co-Supervisor |
| 856 ## - ELECTRONIC LOCATION AND ACCESS | |
| Uniform Resource Identifier | <a href="http://archive.saulibrary.edu.bd:8080/handle/123456789/1006">http://archive.saulibrary.edu.bd:8080/handle/123456789/1006</a> |
| Link text | Online Access |
| 942 ## - ADDED ENTRY ELEMENTS (KOHA) | |
| Source of classification or shelving scheme | Dewey Decimal Classification |
| Koha item type | MS Level Thesis |
| Withdrawn status | Lost status | Source of classification or shelving scheme | Damaged status | Not for loan | Collection code | Home library | Branch Name | Shelving location | Date acquired | Total Checkouts | Full call number | Barcode | Date last seen | Price effective from | Koha item type |
|---|---|---|---|---|---|---|---|---|---|---|---|---|---|---|---|
| Dewey Decimal Classification | Not For Loan | Reference | SAU Library | SAU Library | Reference | 30/10/2016 | 630 K118 | 39734 | 31/10/2016 | 31/10/2016 | MS Level Thesis |
